000 00507nam a2200157Ia 4500
003 GCL
008 140319s9999 xx 000 0 eng d
040 _aGCL /
_cGCL
082 0 4 _a291.1772
_bS H
100 1 _aSULIEMAN ABDUL RAHMAN AL HAGEEL
245 1 0 _aHUMAN RIGHTS IN ISLAM AND THEIR APPLICATIONS IN THE KINGDOM OF SAUDI ARABIA /
_cSULIEMAN ABDUL RAHMAN AL HAGEEL
260 _aالرياض :
_bKING ABDULAZIZ UNIVERSITY
300 _a24 CM ؛
_c265 P
650 0 4 _aISLAM AND HUMANISM
942 _2ddc
_cBK
999 _c7070
_d7070